书目信息 |
| 题名: |
婚姻法问答
|
|
| 作者: | 裴利华 , 张世琦 编著 | |
| 分册: | ||
| 出版信息: | 沈阳 辽宁人民出版社 2009.01 |
|
| 页数: | 84页 | |
| 开本: | 19cm | |
| 丛书名: | “五五”普法系列丛书 | |
| 单 册: | ||
| 中图分类: | D923.904 | |
| 科图分类: | ||
| 主题词: | 婚姻法--hun yin fa--基本知识--中国 | |
| 电子资源: | ||
| ISBN: | 978-7-205-06267-5 | |
| 000 | 00928nam 2200265 450 | |
| 001 | 012010580351 | |
| 005 | 20100604144600.29 | |
| 010 | @a978-7-205-06267-5@dCNY5.00 | |
| 100 | @a20100601d2009 em y0chiy0120 ea | |
| 101 | 0 | @achi |
| 102 | @aCN@b210000 | |
| 105 | @ay z 000yy | |
| 106 | @ar | |
| 200 | 1 | @a婚姻法问答@Ahun yin fa wen da@f裴利华, 张世琦编著@Fpei li hua,zhang shi qi bian zhu |
| 210 | @a沈阳@c辽宁人民出版社@d2009.01 | |
| 215 | @a84页@d19cm | |
| 225 | 0 | @a“五五”普法系列丛书@A“wu wu”pu fa xi lie cong shu |
| 330 | @a本书根据婚姻法的规定,讲述了恋爱、结婚、离婚、复婚、再婚以及离婚的方法、步骤、子女抚养、财产分割、房屋归属等问题。 | |
| 410 | 0 | @12001 @a五五普法系列丛书 |
| 606 | 0 | @a婚姻法@Ahun yin fa@x基本知识@y中国 |
| 690 | @aD923.904@v4 | |
| 701 | 0 | @a裴利华@Apei li hua@4编著 |
| 701 | 0 | @a张世琦@Azhang shi qi@4编著 |
| 801 | 0 | @aCN@bQSSK@c20100604 |
| 905 | @b780101-03@dD923.904@eP382@f3 | |
| 婚姻法问答/裴利华, 张世琦编著.-沈阳:辽宁人民出版社,2009.01 |
| 84页;19cm.-(“五五”普法系列丛书) |
| ISBN 978-7-205-06267-5:CNY5.00 |
| 本书根据婚姻法的规定,讲述了恋爱、结婚、离婚、复婚、再婚以及离婚的方法、步骤、子女抚养、财产分割、房屋归属等问题。 |
| ● |
| 相关链接 |
|
|
|
正题名:婚姻法问答
索取号:D923.904/P382
 
预约/预借
| 序号 | 登录号 | 条形码 | 馆藏地/架位号 | 状态 | 备注 |
| 1 | 780101 | 207801011 | 社科库509/509社科库 95排2列2层/ [索取号:D923.904/P382] | 在馆 | |
| 2 | 780102 | 207801020 | 社科库509/509社科库 95排2列3层/ [索取号:D923.904/P382] | 在馆 | |
| 3 | 780103 | 207801039 | 社科库509/509社科库 95排2列3层/ [索取号:D923.904/P382] | 在馆 |